Geography General Knowledge #2 - Statistics

General Stats
  • This quiz has been taken 67 times
  • The average score is 8 of 10
Answer Stats
Question Answer % Correct
Which country is the largest producer of coffee in the world? Brazil
98%
Mt. Fuji is the highest point located in which Asian country? Japan
98%
What did Ceylon change its name to in 1972? Sri Lanka
93%
What are citizens of Sudan called? Sudanese
93%
What is the capital of the American State of California? Sacramento
90%
Which country has the longest coastline in the world? Canada
88%
What country is the least densely populated? (Excluding territories that are not fully independent.) Mongolia
79%
Which two countries share the longest international border? USA-Canada
66%
What is the official currency of South Korea? Won
60%
How many time zones does Russia have? 11
41%
No matching quizzes found
Score Distribution
Percent of People with Each Score
Percentile by Number Answered
Your Score History
You have not taken this quiz